Management accounting, fourth edition / (Record no. 345147)

000 -LEADER
fixed length control field 01949 a2200229 4500
020 ## - INTERNATIONAL STANDARD BOOK NUMBER
International Standard Book Number 0130082171
020 ## - INTERNATIONAL STANDARD BOOK NUMBER
International Standard Book Number 9780130082176
082 04 - DEWEY DECIMAL CLASSIFICATION NUMBER
Classification number 658.1511
090 ## - LOCALLY ASSIGNED LC-TYPE CALL NUMBER (OCLC); LOCAL CALL NUMBER (RLIN)
-- 2654
-- 2654
100 1# - MAIN ENTRY--PERSONAL NAME
Personal name Atkinson, Anthony A.
245 10 - TITLE STATEMENT
Title Management accounting, fourth edition /
Statement of responsibility, etc. Anthony A. Atkinson.
250 ## - EDITION STATEMENT
Edition statement 4th ed.
260 ## - PUBLICATION, DISTRIBUTION, ETC.
Place of publication, distribution, etc. [S.l.] :
Name of publisher, distributor, etc. Prentice Hall,
Date of publication, distribution, etc. 2003.
300 ## - PHYSICAL DESCRIPTION
Extent 624 p. ;
Dimensions 27 cm.
500 ## - GENERAL NOTE
General note Hardcover.
520 ## - SUMMARY, ETC.
Summary, etc. Each of the book's authors is both a scholar and a top consultant for Fortune 500 and smaller companies. As a result, they have a unique focus: to help readers better understand management accounting topics, research, and issues from the perspective of a business manager. KEY TOPICS A twelve chapter organization and framework addresses the needs of future business managers—specifically, how to interpret and use accounting information to make good decisions. The book answers many pertinent questions: What defines the nature, focus, and scope of management accounting? What determines the cost of products or customers? How do costs change over the product's life cycle? What approaches do managers use to compute the costs of their products and services? How can we use cost for planning and decision-making purposes? How can we use revenue and cost information for capacity planning and profit planning and evaluation purposes? How can we manage and control organizational behavior through organizational design, and how does cost information inform the process of control? For management accountants, cost system designers, incentive compensation system designers, and balanced scorecard implementers
700 ## - ADDED ENTRY--PERSONAL NAME
Personal name Kaplan, Robert S
700 ## - ADDED ENTRY--PERSONAL NAME
Personal name Young, S. Mark S
856 ## - ELECTRONIC LOCATION AND ACCESS
Materials specified Amazon.com
Uniform Resource Identifier <a href="http://www.amazon.com/exec/obidos/ASIN/0130082171/chopaconline-2">http://www.amazon.com/exec/obidos/ASIN/0130082171/chopaconline-2</a>
856 ## - ELECTRONIC LOCATION AND ACCESS
Materials specified Amazon customer reviews
Uniform Resource Identifier <a href="http://www.chopac.org/cgi-bin/tools/azrev.pl?q=013008217">http://www.chopac.org/cgi-bin/tools/azrev.pl?q=013008217</a>
942 ## - ADDED ENTRY ELEMENTS (KOHA)
Institution code [OBSOLETE] NBS
Koha item type Book
Call number prefix 658.1511 ATK
Holdings
Withdrawn status Lost status Damaged status Not for loan Permanent Location Current Location Date acquired Total Checkouts Full call number Barcode Date last seen Date last checked out Price effective from Koha item type
        Central Library (CL) Central Library (CL) 08/28/2013 1 658.1511 ATK NBS6930 02/04/2023 11/12/2022 08/28/2013 Book
© 2023 Central Library, National University of Sciences and Technology. All Rights Reserved.